00729nam a22001815i 4500001000700000003000900007005001700016008004100033040003000074100001700104245005900121250002500180260006500205300004600270650002700316752002400343852018000367153083ES-MaACL20230906205021.0980923s1867 fr a |||| | fre d aCCPB | B bspa cCCPB | B1 aChampfleury.10aHistoire de la Caricature antique / cpar Champfleury. a3e éd., tres-augm. aParis : bE. Dentu, c[s.a.] (fImprimerie Émile Martinet) a[1] h. de lám., XXII, 347 p. ; c18 cm. 4aCaricatura-xHistoria. aFrancia - dParís aES-MaACLjG-10908 z-- Enc. hol. z-- Legado de M. de la Fuente x-- Edic.: El autor es "Champfleury, Jules-François-Félix Husson" según el Catalogue Collectif de France